000 00687nam a2200181 4500
001 5250
090 _a5250
100 _a20250612k u||y0frey50 ba
101 _afre
200 _aMémoire
_eA toutes les fédérations de l'Internationale
_fFédération jurassienne de l'Association Internationale des Travailleurs
210 _aSonvillier
_bAu siége du Comité Fédéral Jurassien
_cComité Fédéral Jurassien
_d[1873]
215 _a139 p.
_d21 cm
316 _atampon "LTronchet."; marque "Mr. Scherhenleib"
606 _9945
_aMouvement libertaire
607 _9651
_aJura (Canton)
607 _9397
_aSuisse romande
710 _95754
_aFédération jurassienne
_b1871-1880
801 _aCH
_bCH-002049-8